000 00675nam a2200241Ia 4500
003 OSt
005 20220918192352.0
006 a|||||r|||| 00| 0
007 ta
008 220917b |||||||| |||| 00| 0 eng d
024 _a68,110
037 _cTextual
040 _aARTS
_cARTS
_beng
041 _2eng
_aeng
082 _aO111,2J64:g, Kl
100 _aRossiter A P.
_968458
245 0 _aAngel with horns and other Shakespeare [lectures, ed by Graham Storey
260 _aLondon
_bLongmans UK
_c1963
300 _a316p.
_ccm.
650 _aENGLISH LITERATURE
942 _hO111,2J64:g, Kl
_cTEXL
_2CC
999 _c194299
_d194299